| 000 | 00310nam a22001217a 4500 | ||
|---|---|---|---|
| 999 |
_c522828 _d522828 |
||
| 003 | NUST | ||
| 038 | _aTanveer | ||
| 082 |
_a330.95491 _bPAK |
||
| 245 |
_aPakistan Economic Survey 2009-09 / _cGovernment of Pakistan Finance Division |
||
| 260 |
_aPakistan _b? _c2010. |
||
| 300 |
_a137p. _c27 cm. |
||
| 942 |
_2ddc _cBK |
||